Statistics for NBA Top 10 Dunkers All-Time

Click here to take the quiz!

General Stats

  • This quiz has been taken 890 times
  • The average score is 7 of 12

Answer Stats

Answer% Correct
Michael Jordan
94%
Vince Carter
91%
LeBron James
81%
Kobe Bryant
71%
Dominique Wilkins
66%
Zach LaVine
52%
Julius Erving
50%
Tracy McGrady
43%
Blake Griffin
39%
Shawn Kemp
31%
Jason Richardson
24%
Kevin Johnson
11%

Score Distribution

Percentile by Number Answered

Percent of People with Each Score

Your Score History

You have not taken this quiz